Index, standard occupational classification manual 1977 /

Bibliographic Details
Corporate Authors: United States. Office of Management and Budget. Statistical Policy Division, United States. Office of Federal Statistical Policy and Standards
Format: Government Document Book
Language:English
Subjects:

MARC

Tag First Indicator Second Indicator Subfields
LEADER 00000cam a2200000 i 4500
001 in00000801713
005 20151017091313.0
008 781101s1978 dcu i f00010 eng d
010 |a gp 79005530  
020 |c $6.50 (pbk. :) 
035 |a (OCoLC)04345235 
035 |9 ADS5605AM 
037 |b 20402 
040 |a WTU  |c WTU  |d GPO  |d UtOrBLW 
074 |a 128-A 
086 |a C 1.8/3:Oc 1/977/index 
110 1 |a United States.  |b Office of Management and Budget.  |b Statistical Policy Division. 
245 1 0 |a Index, standard occupational classification manual 1977 /  |c prepared by Executive Office of the President, Office of Management and Budget, Statistical Policy Division. 
264 2 |a Washington :  |b Dept. of Commerce, Office of Federal Statistical Policy and Standards : for sale by the Supt. of Docs., U.S. Govt. Print. Off,  |c 1978. 
300 |a 204 pages ;  |c 26 cm. 
336 |a text  |b txt  |2 rdacontent 
337 |a unmediated  |b n  |2 rdamedia 
338 |a volume  |b nc  |2 rdacarrier 
650 0 |a Occupations  |v Classification  |v Handbooks, manuals, etc. 
650 0 |a Occupations  |x Indexes. 
710 1 |a United States.  |b Office of Federal Statistical Policy and Standards. 
740 |a Standard occupational classification manual 
740 |a Occupational classification manual. 
999 |a MARS 
999 f f |s d3a68c5c-3a95-3a27-92cf-45974475c59f  |i 8cc1d904-f1fb-3099-8d9c-a0b1cd8e5062  |t 0 
952 f f |p normal  |a Texas A&M University  |b College Station  |c Sterling C. Evans Library  |d Evans: US Documents (Annex 5th floor)  |t 0  |e C 1.8/3:Oc 1/977/index  |h Superintendent of Documents classification  |i unmediated -- volume  |m A14812760972 
998 f f |a C 1.8/3:Oc 1/977/index  |t 0  |l Evans: US Documents (Annex 5th floor)